Statistics for FIFA 20 - Dutch Player Names

Click here to take the quiz!

General Stats

  • This quiz has been taken 346 times
  • The average score is 17 of 24

Answer Stats

SurnameName% Correct
van DijkVirgil
97%
GullitRuud
93%
RobbenArjen
92%
BergkampDennis
92%
AkéNathan
92%
SeedorfClarence
91%
van der SarEdwin
90%
van BastenMarco
90%
de JongFrenkie
89%
van NistelrooyRuud
89%
RijkaardFrank
87%
KoemanRonald
86%
DepayMemphis
83%
SneijderWesley
83%
OvermarsMarc
82%
KluivertPatrick
81%
VormerRuud
79%
BergwijnSteven
78%
BlindDaley
77%
van AanholtPatrick
76%
van de BeekDonny
74%
de LigtMatthijs
73%
WeghorstWout
73%
HuntelaarKlaas-Jan
71%
BabelRyan
71%
de VrijStefan
71%
DumfriesDenzel
70%
CillesenJasper
68%
KrulTim
68%
Kluivert Jr.Justin
64%
PromesQuincy
63%
VlaarRon
62%
van GinkelMarco
60%
WijnaldumGeorginio
59%
DostBas
56%
AfellayIbrahim
54%
StrootmanKevin
53%
TeteKenny
49%
ChongTahith
46%
PröpperDavy
45%
KlaassenDavy
44%
FerLeroy
44%
LocadiaJürgen
39%
HateboerHans
34%
BazoerRiechedly
34%
EliaEljero
33%
BoëtiusJean-Paul
33%
BrumaJeffrey
28%
De GuzmánJonathan
25%
KongoloTerence
25%

Score Distribution

Percentile by Number Answered

Percent of People with Each Score

Your Score History

You have not taken this quiz